| 000 | 01967nam a2200241Ia 4500 | ||
|---|---|---|---|
| 003 | Ost | ||
| 005 | 20260507075148.0 | ||
| 008 | 260507s9999||||xx |||||||||||||| ||und|| | ||
| 020 | _a5203358977 | ||
| 040 | _cfsecg | ||
| 041 | _aara | ||
| 082 | _a330 | ||
| 100 |
_aالمخادمي، عبد القادر رزيق _eمؤلف |
||
| 245 | 0 |
_aالأزمة الغذائية العالمية : _bتبعات العولمة الاقتصادية و التكامل الدولي / _c عبد القادر رزيق المخادمي |
|
| 260 |
_aالقاهرة: _bدار الفجر, _c2009 |
||
| 300 |
_a233 صفحة؛ _bإيضاحات ؛ _c24 سم |
||
| 504 | _aملاحق ص. 149 مراجع ص .255 ؛ كشاف التواريخ ص.227 | ||
| 520 | _a1)الوضع الغذائي في العالم : تحقيق الاكتفاء الذاتي ، الأزمة الغذائية العالمية 2) أزمة الغذاء في العالم الثالث : أزمة الغذاء و خطر المجاعة ، الآثار السلبية للمساعدات الغذائية ، البنك العالمي و الأرقام المخيفة 3) الموارد الطبيعية و البشرية في الوظن العربي : المعطيات الجغرافية للوطن العربي ، الموارد الزراعية ، الموارد المائية ، اليد العاملة في المجال الزراعي ، الانتاج النباتي و الحيواني و السمكي 4) أزمة الغذاء في الوطن العربي : الاستهلاك العربي من الغذاء ، الانتاج العربي من الغذاء و أبعاد الازمة الغذائية 5) كيف يمكن مواجهة الازمة الغذائية : أزمة العجز الغذائي و سبل ضمان الامن الغذائي | ||
| 653 | _aالأزمات الاقتصادية | ||
| 653 | _aالتكامل الدولي | ||
| 653 | _aالعولمة الإقتصادية | ||
| 942 | _cكتاب | ||
| 999 |
_c43326 _d43326 |
||